[Event "New Delhi Parsvnath op 6th"]
[Site "New Delhi"]
[Date "2008.01.13"]
[Round "1"]
[White "Sumant, Subramaniam"]
[Black "Ghaem Maghami, Ehsan"]
[Result "0-1"]
[WhiteElo "1956"]
[BlackElo "2589"]
[PlyCount "50"]
[EventDate "2008.01.13"]
[EventType "swiss"]
[EventRounds "10"]
[EventCountry "IND"]
[SourceTitle "CBM 122 Extra"]
[Source "ChessBase"]
[SourceDate "2008.03.04"]
[SourceVersion "1"]
[SourceVersionDate "2008.03.04"]
[SourceQuality "1"]

1. e4 c5 2. Nf3 e6 3. d4 cxd4 4. Nxd4 a6 5. Bd3 Nf6 6. 0-0 d6 7. Nc3 Be7 8. Be3 b5 9. f4 Qc7 10. Qe2 Bb7 11. Rad1 Nbd7 12. f5 e5 13. Nb3 0-0 14. Qf3 b4 15. Nd5 Nxd5 16. exd5 Nf6 17. Be4 Rac8 18. Rd2 a5 19. g4 a4 20. g5 Nxe4 21. Qxe4 axb3 22. f6 bxc2 23. Rg2 Bd8 24. Rg4 g6 25. Rh4 h5 0-1

[Event "Commonwealth-ch"]
[Site "New Delhi"]
[Date "2007.12.10"]
[Round "10"]
[White "Sumant, Subramaniam"]
[Black "Stany, George Anthony"]
[Result "0-1"]
[WhiteElo "1956"]
[BlackElo "2097"]
[PlyCount "46"]
[EventDate "2007.12.03"]
[EventType "swiss"]
[EventRounds "10"]
[EventCountry "IND"]
[SourceTitle "CBM 121 Extra"]
[Source "ChessBase"]
[SourceDate "2008.01.10"]
[SourceVersion "1"]
[SourceVersionDate "2008.01.10"]
[SourceQuality "1"]

1. e4 c5 2. Nf3 Nc6 3. Bb5 g6 4. c3 Bg7 5. 0-0 Nf6 6. Qa4 0-0 7. d4 cxd4 8. cxd4 a6 9. d5 Na5 10. Bd3 b5 11. Qd1 d6 12. Nc3 Bg4 13. h3 Bxf3 14. Qxf3 Rc8 15. g4 Nc4 16. Qg3 Nd7 17. a3 Nxb2 18. Bxb2 Bxc3 19. Bxc3 Rxc3 20. f4 Qb6+ 21. Kh1 Qd4 22. Rad1 Nc5 23. Rf3 Nxd3 0-1

[Event "Commonwealth-ch"]
[Site "New Delhi"]
[Date "2007.12.05"]
[Round "4"]
[White "Sumant, Subramaniam"]
[Black "Swapnil, S Dhopade"]
[Result "0-1"]
[WhiteElo "1956"]
[BlackElo "2261"]
[PlyCount "48"]
[EventDate "2007.12.03"]
[EventType "swiss"]
[EventRounds "10"]
[EventCountry "IND"]
[SourceTitle "CBM 121 Extra"]
[Source "ChessBase"]
[SourceDate "2008.01.10"]
[SourceVersion "1"]
[SourceVersionDate "2008.01.10"]
[SourceQuality "1"]

1. e4 c5 2. Nf3 d6 3. d4 cxd4 4. Nxd4 Nf6 5. Nc3 g6 6. Be2 Bg7 7. 0-0 0-0 8. Be3 Nc6 9. Re1 Bd7 10. a3 Rc8 11. f4 Na5 12. e5 Ne8 13. Nf3 Nc6 14. Nb5 dxe5 15. fxe5 Nxe5 16. Nxa7 Ra8 17. Qd5 Nxf3+ 18. Bxf3 Nd6 19. Bc5 Be6 20. Qd3 Qc7 21. Bxd6 exd6 22. Nb5 Qc5+ 23. Kh1 Bc4 24. b4 Qxb5 0-1

[Event "Commonwealth-ch"]
[Site "New Delhi"]
[Date "2007.12.03"]
[Round "1"]
[White "Thejkumar, MS."]
[Black "Sumant, Subramaniam"]
[Result "1-0"]
[WhiteElo "2355"]
[BlackElo "1956"]
[PlyCount "65"]
[EventDate "2007.12.03"]
[EventType "swiss"]
[EventRounds "10"]
[EventCountry "IND"]
[SourceTitle "CBM 121 Extra"]
[Source "ChessBase"]
[SourceDate "2008.01.10"]
[SourceVersion "1"]
[SourceVersionDate "2008.01.10"]
[SourceQuality "1"]

1. d4 Nf6 2. Nf3 e6 3. c4 b6 4. e3 Bb7 5. Bd3 Bb4+ 6. Nbd2 0-0 7. 0-0 d5 8. a3 Bd6 9. b4 Ba6 10. Qc2 c5 11. e4 dxc4 12. Nxc4 Bxc4 13. Bxc4 Nc6 14. e5 Nxd4 15. Nxd4 Bxe5 16. Nc6 Bxh2+ 17. Kxh2 Qc7+ 18. Kg1 Ng4 19. g3 Qxc6 20. Qe2 h5 21. Bb2 cxb4 22. axb4 Rfc8 23. Bd3 Qd6 24. Be4 Rab8 25. Rxa7 Rc7 26. Rxc7 Qxc7 27. Bf3 Rd8 28. Bxg4 hxg4 29. Qxg4 f5 30. Qe2 Qd7 31. Re1 Qd2 32. Qxe6+ Kh8 33. Qe7 1-0